[Event "Pan American-ch School U13 Girls"]
[Site "Medellin"]
[Date "2019.11.17"]
[Round "9"]
[White "Bertoli Acosta, Mawily"]
[Black "Escobar Villota, Domenika Gabriela"]
[Result "0-1"]
[WhiteElo "1429"]
[BlackElo "1267"]
[PlyCount "58"]
[EventDate "2019.11.12"]
[EventType "swiss"]
[EventRounds "9"]
[EventCountry "COL"]
[SourceTitle "CBM 193 Extra"]
[Source "ChessBase"]
[SourceDate "2020.01.31"]
[SourceVersion "1"]
[SourceVersionDate "2020.01.31"]
[SourceQuality "1"]

1. Nf3 f5 2. b3 Nf6 3. Bb2 e6 4. e3 b6 5. d4 Bb7 6. Bd3 Bb4+ 7. c3 Be7 8. c4 0-0 9. 0-0 h6 10. Nbd2 Ne4 11. Ne5 Qe8 12. Be2 Nxd2 13. Qxd2 d6 14. Bf3 Be4 15. Nd3 Bxf3 16. gxf3 Qh5 17. Qe2 g5 18. Kh1 Nd7 19. Rg1 Kh7 20. Rg2 Nf6 21. Kg1 Rg8 22. Kh1 Raf8 23. Rag1 Nd7 24. b4 g4 25. fxg4 fxg4 26. a4 Qf5 27. Rxg4 Qxg4 28. Qxg4 Rxg4 29. Rxg4 e5 0-1

[Event "Pan American-ch School U13 Girls"]
[Site "Medellin"]
[Date "2019.11.13"]
[Round "3"]
[White "Bertoli Acosta, Mawily"]
[Black "Suarez Castillo, Sheila"]
[Result "0-1"]
[WhiteElo "1429"]
[BlackElo "1595"]
[PlyCount "58"]
[EventDate "2019.11.12"]
[EventType "swiss"]
[EventRounds "9"]
[EventCountry "COL"]
[SourceTitle "CBM 193 Extra"]
[Source "ChessBase"]
[SourceDate "2020.01.31"]
[SourceVersion "1"]
[SourceVersionDate "2020.01.31"]
[SourceQuality "1"]

1. Nf3 d5 2. d4 Nf6 3. b3 e6 4. Bb2 Be7 5. e3 0-0 6. Bd3 Nbd7 7. 0-0 c5 8. Nbd2 b6 9. c4 Bb7 10. Rc1 Rc8 11. Rc2 Ne4 12. Qa1 Bf6 13. Rfc1 Qe7 14. cxd5 exd5 15. Be2 Qe8 16. Nf1 h6 17. Ng3 Nxg3 18. hxg3 Qe4 19. Rd2 Qf5 20. Nh2 cxd4 21. Bg4 Qg5 22. Bxd7 dxe3 23. Rdc2 Bxb2 24. Qxb2 exf2+ 25. Rxf2 Rxc1+ 26. Nf1 Re1 27. Qd4 Ba6 28. Qa4 Rxf1+ 29. Rxf1 Bxf1 0-1

[Event "Medellin IRT de Segunda Antioquia"]
[Site "Medellin"]
[Date "2019.05.26"]
[Round "7.17"]
[White "Bertoli Acosta, Mawily"]
[Black "Quintero Gonzalez, Francisco"]
[Result "0-1"]
[WhiteElo "1462"]
[BlackElo "1527"]
[PlyCount "24"]
[EventDate "2019.05.22"]
[EventType "swiss"]
[EventRounds "7"]
[EventCountry "COL"]
[SourceTitle "EXT 2024"]
[Source "ChessBase"]
[SourceDate "2023.10.10"]
[SourceVersion "1"]
[SourceVersionDate "2023.10.10"]
[SourceQuality "1"]

1. Nf3 Nf6 2. b3 b6 3. Bb2 Bb7 4. e3 e6 5. Be2 Be7 6. 0-0 0-0 7. d4 d6 8. c4 c5 9. Nc3 Nbd7 10. h3 a6 11. Rc1 Qc7 12. Qc2 Ne4 0-1

[Event "Medellin IRT de Segunda Antioquia"]
[Site "Medellin"]
[Date "2019.05.25"]
[Round "4"]
[White "Bertoli Acosta, Mawily"]
[Black "Ortiz Lopera, Miguel Angel"]
[Result "1-0"]
[WhiteElo "1462"]
[BlackElo "1137"]
[PlyCount "52"]
[EventDate "2019.05.22"]
[EventType "swiss"]
[EventRounds "7"]
[EventCountry "COL"]
[SourceTitle "EXT 2024"]
[Source "ChessBase"]
[SourceDate "2023.10.10"]
[SourceVersion "1"]
[SourceVersionDate "2023.10.10"]
[SourceQuality "1"]

1. Nf3 Nf6 2. b3 e6 3. Bb2 d5 4. e3 Nc6 5. Be2 Bd6 6. 0-0 e5 7. d3 Bg4 8. Nbd2 Qe7 9. c4 e4 10. Bxf6 gxf6 11. dxe4 dxe4 12. Nd4 Qe5 13. g3 Bxe2 14. Qxe2 h5 15. Nxc6 bxc6 16. f4 Qf5 17. Qg2 Qc5 18. Qxe4+ Kd7 19. Rfe1 Rae8 20. Qf3 h4 21. Nf1 Reg8 22. Kf2 hxg3+ 23. hxg3 Qa3 24. Re2 Rh3 25. Rd1 Qc5 26. Rc2 Qf5 1-0